00365nam a2200133 a 450008200170000010000210001724500360003826000420007430000090011650000350012565000250016065000250018570000210021000a297.821bAKH aAkhtar, S Waheed aEarly Shiite Imamiyyah Thinkers aDelhibAshish Publishing House c1988 a245p aincludes index and biblioraphy aShiah-Early Scholars aShiah-Imam-doctrines1 aAkhtar, S Waheed